| Tag |
First Indicator |
Second Indicator |
Subfields |
| LEADER |
00000cam a2200000 a 4500 |
| 001 |
in00002400421 |
| 005 |
20151109092424.0 |
| 008 |
071130s2008 enk b 001 0 eng |
| 010 |
|
|
|a 2007049202
|
| 015 |
|
|
|a GBA819542
|2 bnb
|
| 016 |
7 |
|
|a 014524317
|2 Uk
|
| 019 |
|
|
|a 195659130
|
| 020 |
|
|
|a 9780199236596
|
| 020 |
|
|
|a 0199236593
|
| 035 |
|
|
|a (OCoLC)ocn183608505
|
| 035 |
|
|
|a (OCoLC)183608505
|z (OCoLC)195659130
|
| 040 |
|
|
|a DLC
|c DLC
|d YDXCP
|d BTCTA
|d BAKER
|d BWKUK
|d BWK
|d UKM
|d BWX
|d UtOrBLW
|
| 043 |
|
|
|a n-us---
|a e-uk---
|
| 049 |
|
|
|a TXAM
|
| 050 |
0 |
0 |
|a HC110.S3
|b L36 2008
|
| 082 |
0 |
0 |
|a 339.4/30973
|2 22
|
| 100 |
1 |
|
|a Langley, Paul,
|d 1972-
|
| 245 |
1 |
4 |
|a The everyday life of global finance :
|b saving and borrowing in Anglo-America /
|c Paul Langley.
|
| 264 |
|
1 |
|a Oxford ;
|a New York :
|b Oxford University Press,
|c 2008.
|
| 300 |
|
|
|a xvi, 298 pages ;
|c 24 cm.
|
| 336 |
|
|
|a text
|b txt
|2 rdacontent
|
| 337 |
|
|
|a unmediated
|b n
|2 rdamedia
|
| 338 |
|
|
|a volume
|b nc
|2 rdacarrier
|
| 504 |
|
|
|a Includes bibliographical references (pages 250-277) and index.
|
| 650 |
|
0 |
|a Saving and investment
|z United States.
|
| 650 |
|
0 |
|a Saving and investment
|z Great Britain.
|
| 650 |
|
0 |
|a Credit
|z United States.
|
| 650 |
|
0 |
|a Credit
|z Great Britain.
|
| 856 |
4 |
1 |
|3 Table of contents
|u http://www.loc.gov/catdir/toc/fy0804/2007049202.html
|t 0
|
| 938 |
|
|
|a YBP Library Services
|b YANK
|n 2792132
|
| 938 |
|
|
|a Baker and Taylor
|b BTCP
|n BK0007758344
|
| 938 |
|
|
|a Baker & Taylor
|b BKTY
|c 99.00
|d 99.00
|i 0199236593
|n 0007758344
|s active
|
| 938 |
|
|
|a Blackwell Book Service UK
|b BBUK
|n L8786519
|c 45.00
|
| 938 |
|
|
|a Blackwell Book Service
|b BBUS
|n R9718227
|c $99.00
|
| 945 |
|
|
|a PromptCat
|b 477865
|
| 946 |
|
|
|a stk
|
| 947 |
|
|
|a A14836717014
|
| 994 |
|
|
|a 92
|b TXA
|
| 948 |
|
|
|a cataloged
|b h
|c 2008/8/14
|d c
|e jlanham
|f 10:25:00 am
|
| 999 |
|
|
|a MARS
|
| 999 |
f |
f |
|s 3f1e8847-a24a-3c76-9e6a-23e8c605afb7
|i 7acfbd0e-c800-3f10-bd36-6dea93f04c5b
|t 0
|
| 952 |
f |
f |
|p normal
|a Texas A&M University
|b College Station
|c Sterling C. Evans Library
|d Evans: Library Stacks
|t 0
|e HC110.S3 L36 2008
|h Library of Congress classification
|i unmediated -- volume
|m A14836717014
|
| 998 |
f |
f |
|a HC110.S3 L36 2008
|t 0
|l Evans: Library Stacks
|